[Event "Offene Hessische Senioren Einzelmeisters"]
[Site "Bad Sooden- Allendorf"]
[Date "2013.04.26"]
[Round "7.41"]
[White "Montsma, Foppe-Jan"]
[Black "Garms, Ilse"]
[Result "0-1"]
[WhiteElo "1906"]
[BlackElo "1551"]
[Annotator ",Microsoft"]
[PlyCount "76"]
[EventDate "2013.??.??"]
[BlackTeam "Brandenburger LSSV"]

1. e4 d6 2. d4 c6 3. f4 g6 4. Nf3 Bg7 5. Be2 Nf6 6. Nc3 O-O 7. O-O Qc7 8. h3
Nbd7 9. e5 dxe5 10. dxe5 Ne8 11. Be3 Nb6 12. a4 Be6 13. Nd4 Bc4 14. Qe1 Bxe2
15. Qxe2 Rd8 16. Rad1 Nd5 17. Nxd5 Rxd5 18. c4 Rd8 19. Nb3 b6 20. c5 Rxd1 21.
Rxd1 Qb7 22. cxb6 axb6 23. Qf2 Qa6 24. a5 bxa5 25. Nc5 Qc8 26. Nd7 Nc7 27. Nxf8
Bxf8 28. Qd2 Nd5 29. Kf2 a4 30. Qc2 Qa6 31. Rd4 e6 $11 32. Rxa4 Qb5 33. Rc4 Kg7
34. Bc5 Bxc5+ 35. Rxc5 Qb6 36. Kf3 Nb4 37. Qf2 Nd3 38. Qd4 Nxc5 0-1

[Event "Offene Hessische Senioren Einzelmeisters"]
[Site "Bad Sooden- Allendorf"]
[Date "2013.04.26"]
[Round "7.42"]
[White "Smits, Oswald"]
[Black "Rüberg, Jobst"]
[Result "0-1"]
[WhiteElo "1678"]
[BlackElo "2068"]
[PlyCount "80"]
[EventDate "2013.??.??"]
[WhiteTeam "Sfr. Taunus Königstein/Schwalbac"]
[BlackTeam "SV Ahlen 1954 e.V."]

1. Nf3 c5 2. g3 b6 3. Bg2 Bb7 4. O-O Nf6 5. d3 e6 6. e4 d6 7. Nc3 Nbd7 8. Re1
Rc8 9. a4 a6 10. b3 Be7 11. Bb2 O-O 12. Ne2 Qc7 13. c4 Bc6 14. Nd2 b5 15. Bc3
Qb7 16. Qc2 Rfe8 17. Qa2 Ra8 18. Qb2 b4 19. Bxf6 Bxf6 20. d4 cxd4 21. Nxd4 Qb6
22. N2f3 Nc5 23. Qc2 Bb7 24. Rad1 Rad8 25. Re3 g6 26. Kh1 Bg7 27. Ng1 Bxd4 28.
Rxd4 Nxa4 29. Rd1 Nc5 30. Rde1 a5 31. Qb2 e5 32. Ra1 Ra8 33. Ne2 a4 34. bxa4
Nxa4 35. Qd2 Reb8 36. Rf3 Bxe4 37. Rf6 Bxg2+ 38. Kxg2 Qb7+ 39. Kh3 Nc5 40. Rf1
Ne4 0-1

[Event "Offene Hessische Senioren Einzelmeisters"]
[Site "Bad Sooden- Allendorf"]
[Date "2013.04.26"]
[Round "7.43"]
[White "Busic, Nedjeljko"]
[Black "Becker, Günter"]
[Result "1-0"]
[WhiteElo "1877"]
[BlackElo "1674"]
[PlyCount "61"]
[EventDate "2013.??.??"]
[WhiteTeam "SC Bad Nauheim"]
[BlackTeam "SC Steinbach"]

1. e4 c6 2. Nc3 d5 3. d4 g6 4. Nf3 Bg7 5. exd5 cxd5 6. Bb5+ Bd7 7. O-O Bxb5 8.
Nxb5 Qd7 9. Nc3 Nc6 10. Bf4 a6 11. Na4 Qd8 12. c3 Nf6 13. Nc5 b6 14. Nd3 Nh5
15. Bg5 h6 16. Be3 O-O 17. Nfe5 Qd6 18. f4 f5 19. Qb3 Na5 20. Qb4 Rad8 21. Rae1
Kh7 22. Qa4 Rc8 23. Rf3 Nc4 24. Bc1 b5 25. Qd1 Nf6 26. Rg3 Ne4 27. Rxg6 Rf6 28.
Rxf6 Bxf6 29. Qh5 Rg8 30. Qxf5+ Kg7 31. Qg6+ 1-0

[Event "Offene Hessische Senioren Einzelmeisters"]
[Site "Bad Sooden- Allendorf"]
[Date "2013.04.26"]
[Round "7.44"]
[White "Jung, Prof. Michael"]
[Black "Bomert, Egon"]
[Result "0-1"]
[WhiteElo "1669"]
[BlackElo "1862"]
[PlyCount "54"]
[EventDate "2013.??.??"]
[WhiteTeam "SV Osnabrück"]
[BlackTeam "SK Bad Sooden-Allendorf"]

1. g3 d5 2. Bg2 Nf6 3. d3 Nc6 4. Nd2 e5 5. h3 Bc5 6. e3 Be6 7. Ne2 Qd7 8. a3 a5
9. b3 O-O 10. Bb2 Ba7 11. Nf3 d4 12. e4 h6 13. Bc1 Nh7 14. g4 Qe7 15. Ng3 Bc5
16. Nf5 Bxf5 17. gxf5 Nf6 18. Nh2 Kh7 19. Bf3 g6 20. Bg4 Ng8 21. Qd2 Kg7 22.
Rg1 a4 23. Qd1 axb3 24. cxb3 Bxa3 25. Be2 Bb4+ 26. Bd2 Bxd2+ 27. Kxd2 Qb4+ 0-1

[Event "Offene Hessische Senioren Einzelmeisters"]
[Site "Bad Sooden- Allendorf"]
[Date "2013.04.26"]
[Round "7.45"]
[White "Mewes, Hans-Dieter"]
[Black "Mentel, Dr. Jürgen"]
[Result "1/2-1/2"]
[WhiteElo "1670"]
[BlackElo "1852"]
[Annotator ",Microsoft"]
[PlyCount "21"]
[EventDate "2013.??.??"]
[WhiteTeam "Stader SV"]
[BlackTeam "Greifswalder SV"]

1. d4 d6 2. Nf3 c6 3. e4 Nf6 4. Bd3 e5 5. O-O Qc7 6. dxe5 dxe5 7. h3 h6 8. Be3
Be6 9. Nbd2 Nbd7 10. Nh2 Nc5 11. Qe2 {rest nicht rekonstruierbar} 1/2-1/2

[Event "Offene Hessische Senioren Einzelmeisters"]
[Site "Bad Sooden- Allendorf"]
[Date "2013.04.26"]
[Round "7.46"]
[White "Kolkwitz, Klaus"]
[Black "Perk, Egbert"]
[Result "1/2-1/2"]
[WhiteElo "1658"]
[BlackElo "1834"]
[PlyCount "50"]
[EventDate "2013.??.??"]
[WhiteTeam "ESV 1949 Eberswalde e.V."]
[BlackTeam "SK Lister Turm"]

1. d4 Nf6 2. Bf4 d5 3. e3 e6 4. Nd2 Bd6 5. Bg3 c5 6. c3 O-O 7. Bd3 c4 8. Bc2
Qe7 9. Ngf3 Nc6 10. Ne5 g6 11. Ndf3 Nh5 12. Bh4 f6 13. Bxg6 Qg7 14. Bxh5 fxe5
15. Bg3 Rf5 16. Nh4 Rg5 17. Be2 Qf8 18. Nf3 Rf5 19. Nxe5 Bxe5 20. dxe5 Nxe5 21.
Bxe5 Rxe5 22. h4 Rf5 23. Rh3 Rxf2 24. Rg3+ Kh8 25. Qd4+ Qf6 1/2-1/2

[Event "Offene Hessische Senioren Einzelmeisters"]
[Site "Bad Sooden- Allendorf"]
[Date "2013.04.26"]
[Round "7.47"]
[White "Leutz, Hans"]
[Black "Scholze, Roland"]
[Result "1-0"]
[WhiteElo "1832"]
[BlackElo "1686"]
[PlyCount "93"]
[EventDate "2013.??.??"]
[WhiteTeam "SV Ebersbach"]
[BlackTeam "SV Lok Dresden"]

1. d4 Nf6 2. Nf3 d5 3. e3 e6 4. Bd3 c5 5. c3 Nbd7 6. Nbd2 Bd6 7. O-O O-O 8. Re1
Re8 9. e4 dxe4 10. Nxe4 Nxe4 11. Rxe4 cxd4 12. Rxd4 Be7 13. Bb5 Bf6 14. Rxd7
Bxd7 15. Qxd7 Qxd7 16. Bxd7 Red8 17. Ba4 a6 18. Be3 b5 19. Bb3 Rd7 20. Rd1 Rad8
21. Rxd7 Rxd7 22. Kf1 Kf8 23. Ke2 Ke8 24. Nd2 Kd8 25. Ne4 Be7 26. f4 g6 27. a3
Kc7 28. Bd4 h5 29. g3 Kc6 30. Ke3 Rd8 31. h4 Rd7 32. Bd1 f5 33. Nd2 Bc5 34.
Bf3+ Kb6 35. Bxc5+ Kxc5 36. Nb3+ Kb6 37. Be2 Rd6 38. Nd4 Kc7 39. Nf3 Rd7 40.
Ne5 Rg7 41. c4 Kb6 42. Kd4 Rg8 43. c5+ Kc7 44. b4 Rd8+ 45. Kc3 Rg8 46. Bd1 Rd8
47. Bb3 1-0

[Event "Offene Hessische Senioren Einzelmeisters"]
[Site "Bad Sooden- Allendorf"]
[Date "2013.04.26"]
[Round "7.48"]
[White "Brandt, Fred"]
[Black "Schnaitmann, Herbert"]
[Result "1/2-1/2"]
[WhiteElo "1652"]
[BlackElo "1818"]
[Annotator ",Microsoft"]
[PlyCount "55"]
[EventDate "2013.??.??"]
[WhiteTeam "SV Königsjäger Süd-West e.V."]
[BlackTeam "SC Grunbach"]

1. d4 d5 2. e3 Nf6 3. Bd3 g6 4. Nf3 Bg7 5. O-O O-O 6. Nbd2 b6 7. b3 Bb7 8. Bb2
Nbd7 9. Re1 $11 Ne4 10. c4 e6 11. Qc2 f5 12. Rac1 Rc8 13. cxd5 exd5 14. b4 c6
15. Qa4 c5 16. Bb5 Rf7 17. bxc5 bxc5 18. Bxd7 Rxd7 19. Rc2 c4 20. Nxe4 dxe4 21.
Ne5 Rdc7 22. Bc3 Bc6 23. Nxc6 Rxc6 24. Rb2 $11 Qh4 25. Qb5 Qg5 26. Qa4 Qe7 27.
Reb1 R8c7 28. Rb5 1/2-1/2

[Event "Offene Hessische Senioren Einzelmeisters"]
[Site "Bad Sooden- Allendorf"]
[Date "2013.04.26"]
[Round "7.49"]
[White "Görtz, Hans"]
[Black "Husser, Oskar"]
[Result "1-0"]
[WhiteElo "1813"]
[BlackElo "1664"]
[PlyCount "79"]
[EventDate "2013.??.??"]
[WhiteTeam "DJK Wacker Bergeborbeck 1922"]
[BlackTeam "SC Caissa Falkensee e.V."]

1. d4 Nf6 2. c4 d5 3. Nc3 c6 4. e3 Bf5 5. Nf3 Nbd7 6. Nh4 Bg4 7. Qb3 Qb6 8. Qc2
e5 9. c5 Qc7 10. Be2 Be7 11. Bxg4 Nxg4 12. Nf5 Bf6 13. h3 exd4 14. exd4 Nh6 15.
Nd6+ Kf8 16. Bxh6 gxh6 17. Qf5 b6 18. O-O Rg8 19. Qxh7 Bg7 20. Qf5 Bf6 21. Nxd5
cxd5 22. Qxd5 Nxc5 23. Qxa8+ Kg7 24. Nf5+ Kh7 25. Qf3 Ne6 26. Rac1 Qd7 27. Qd3
Nf4 28. Qe4 Nxh3+ 29. Kh1 Ng5 30. Qd3 Kh8 31. d5 Bxb2 32. Rc6 f6 33. Re1 Be5
34. Rc4 Nf7 35. Rh4 Rg6 36. f4 Bb8 37. Re7 Qc8 38. d6 Qg8 39. Qh3 Bxd6 40. Nxd6
1-0

[Event "Offene Hessische Senioren Einzelmeisters"]
[Site "Bad Sooden- Allendorf"]
[Date "2013.04.26"]
[Round "7.50"]
[White "Papenkordt, Karl-Hermann"]
[Black "Rollwitz, Jürgen"]
[Result "1/2-1/2"]
[WhiteElo "1648"]
[BlackElo "1804"]
[PlyCount "33"]
[EventDate "2013.??.??"]
[WhiteTeam "SG Witten"]
[BlackTeam "SG Wedding e.V."]

1. c4 d6 2. d4 e5 3. Nf3 Nd7 4. Nc3 c6 5. e4 Ngf6 6. Be2 Be7 7. O-O a6 8. a4
O-O 9. h3 Qc7 10. Be3 Rd8 11. Qc2 Nf8 12. d5 Ng6 13. Rfd1 c5 14. Rab1 Bd7 15.
b4 b6 16. Rb2 Rdb8 17. Rdb1 1/2-1/2

[Event "Offene Hessische Senioren Einzelmeisters"]
[Site "Bad Sooden- Allendorf"]
[Date "2013.04.26"]
[Round "7.51"]
[White "Schneider, Miloca"]
[Black "Klüver, Horst"]
[Result "1-0"]
[WhiteElo "1799"]
[BlackElo "1644"]
[Annotator ",Microsoft"]
[PlyCount "41"]
[EventDate "2013.??.??"]
[WhiteTeam "SG Witten"]
[BlackTeam "SV Merkur Hademarschen"]

1. d4 d5 2. c4 e6 3. Nc3 Nf6 4. Bg5 Be7 5. Bxf6 Bxf6 6. e3 O-O 7. Nf3 Nc6 8.
Be2 b6 9. O-O Ne7 10. Rc1 Bb7 11. cxd5 Nxd5 12. Ne4 Be7 13. Bd3 f5 14. Ned2 Bd6
15. Nc4 Be7 16. a3 c5 17. dxc5 Bxc5 18. b4 Be7 19. Qb3 Kh8 20. Rfd1 Rc8 21. Kh1
{rest nicht rekonstruierbar, fehlende Notation} 1-0

[Event "Offene Hessische Senioren Einzelmeisters"]
[Site "Bad Sooden- Allendorf"]
[Date "2013.04.26"]
[Round "7.52"]
[White "Fromme, Werner"]
[Black "Türtmann, Dieter"]
[Result "0-1"]
[WhiteElo "1643"]
[BlackElo "1797"]
[PlyCount "126"]
[EventDate "2013.??.??"]
[WhiteTeam "SG Witten"]
[BlackTeam "ESV 1949 Eberswalde e.V."]

1. d4 d5 2. g3 Nf6 3. Bg2 c6 4. Nf3 Bf5 5. Ne5 e6 6. Bg5 Be7 7. Nd2 h6 8. Bxf6
gxf6 9. Nd3 Nd7 10. e4 dxe4 11. Nxe4 Qb6 12. c3 h5 13. h4 O-O-O 14. Qe2 c5 15.
Ndxc5 Nxc5 16. Nxc5 Bxc5 17. dxc5 Qxc5 18. O-O Bg4 19. Qe3 Qxe3 20. fxe3 f5 21.
Bf3 Rhg8 22. Kg2 Rd3 23. Rae1 Rd2+ 24. Rf2 Rgd8 25. Rfe2 R8d3 26. Kf2 Kd7 27.
Rxd2 Rxd2+ 28. Re2 Rd1 29. Bxg4 fxg4 30. Re1 Rd2+ 31. Re2 Rd3 32. Rc2 Kc6 33.
Ke2 Rd5 34. e4 Re5 35. Kd3 f5 36. Re2 fxe4+ 37. Rxe4 Rd5+ 38. Ke2 Kd6 39. Ke3
b5 40. b3 a5 41. a4 bxa4 42. bxa4 e5 43. Rc4 Rd1 44. Ke4 Re1+ 45. Kf5 Kd5 46.
Rc8 Re3 47. c4+ Kd4 48. c5 Rxg3 49. c6 Kd5 50. c7 Rf3+ 51. Kg5 Kd6 52. Ra8 Kxc7
53. Rxa5 e4 54. Kxh5 g3 55. Kg5 Kb6 56. Re5 e3 57. Kg4 g2 58. Kxf3 g1=Q 59.
Rxe3 Qd1+ 60. Kf4 Qxa4+ 61. Re4 Qd1 62. Re5 Qd2+ 63. Kf5 Qf2+ 0-1

[Event "Offene Hessische Senioren Einzelmeisters"]
[Site "Bad Sooden- Allendorf"]
[Date "2013.04.26"]
[Round "7.53"]
[White "Mayeres, Hans-Christian"]
[Black "Papapostolou, Christos"]
[Result "0-1"]
[WhiteElo "1690"]
[BlackElo "1950"]
[PlyCount "124"]
[EventDate "2013.??.??"]
[WhiteTeam "SK Recklinghausen Altsta"]
[BlackTeam "SK Bad Sooden-Allendorf"]

1. c4 e5 2. Nc3 Nf6 3. g3 Bb4 4. Bg2 O-O 5. e4 d6 6. Nge2 c6 7. O-O Be6 8. d3
Qd7 9. a3 Ba5 10. b4 Bb6 11. Na4 Bd8 12. Bb2 b5 13. cxb5 cxb5 14. Nac3 Bh3 15.
d4 Bxg2 16. Kxg2 Qb7 17. Qd3 a6 18. dxe5 dxe5 19. Nd5 Nc6 20. Rac1 Re8 21. f3
a5 22. Rc5 axb4 23. Qxb5 Qxb5 24. Rxb5 bxa3 25. Ra1 a2 26. Rc1 Nxd5 27. Rxd5
Nb4 28. Rd2 Bg5 29. f4 Bh6 30. Kf3 g6 31. Bc3 exf4 32. gxf4 Bf8 33. Ra1 Ra3 34.
Kg2 Rea8 35. Be5 Nd3 36. Bc3 Nxf4+ 37. Nxf4 Rxc3 38. Rdxa2 Rac8 39. Re2 Rc2 40.
Rae1 Bd6 41. e5 Bxe5 42. Kf3 R8c3+ 43. Kg4 f6 44. h4 h5+ 45. Nxh5 gxh5+ 46.
Kxh5 Kf7 47. Kh6 Bf4+ 48. Kh5 Rc5+ 49. Kg4 Be5 50. h5 Ke6 51. h6 Kf7 52. Rxc2
Rxc2 53. Rh1 Kg6 54. h7 f5+ 55. Kf3 Rc3+ 56. Ke2 Bh8 57. Kd2 Rc7 58. Rg1+ Kxh7
59. Ke3 Be5 60. Rg5 Rf7 61. Kf3 Kh6 62. Rg1 Ra7 0-1

[Event "Offene Hessische Senioren Einzelmeisters"]
[Site "Bad Sooden- Allendorf"]
[Date "2013.04.26"]
[Round "7.54"]
[White "Schütze, Manfred"]
[Black "Noordijk, Ed"]
[Result "0-1"]
[WhiteElo "1629"]
[BlackElo "1782"]
[PlyCount "94"]
[EventDate "2013.??.??"]
[WhiteTeam "VfL Gräfenhainichen"]
[BlackTeam "S.C. Oegstgeest '80"]

1. e4 d6 2. d4 Nf6 3. Nc3 Nbd7 4. Nf3 e5 5. Be2 Be7 6. O-O c6 7. h3 Qc7 8. a4
h6 9. Be3 g5 10. Nh2 Nf8 11. Ng4 Ng6 12. Nxf6+ Bxf6 13. Bg4 Bxg4 14. hxg4 exd4
15. Bxd4 Be5 16. Bxe5 Nxe5 17. Qd4 O-O-O 18. f3 Kb8 19. Rfe1 h5 20. gxh5 Rxh5
21. Nd1 Rg8 22. Ne3 Rh6 23. Kf2 Rf6 24. Nf5 Re6 25. Rh1 Ng6 26. Rh7 g4 27. Rah1
b6 28. Nh6 g3+ 29. Kf1 Rf8 30. Nf5 Ne5 31. Nxg3 Rg6 32. Nf5 Qd7 33. Rh8 Rxh8
34. Rxh8+ Kc7 35. a5 c5 36. axb6+ axb6 37. Qd5 Qb5+ 38. c4 Qxc4+ 39. Qxc4 Nxc4
40. Ne7 Rg3 41. Nd5+ Kb7 42. Rh7 Nxb2 43. Rxf7+ Kc6 44. Rc7+ Kb5 45. Rb7 Nd3
46. Nc7+ Kc6 47. Ne6 Kxb7 0-1

[Event "Offene Hessische Senioren Einzelmeisters"]
[Site "Bad Sooden- Allendorf"]
[Date "2013.04.26"]
[Round "7.55"]
[White "Stuiber, Wilhelm"]
[Black "Thielemann, Joachim"]
[Result "0-1"]
[WhiteElo "1627"]
[BlackElo "1777"]
[PlyCount "78"]
[EventDate "2013.??.??"]
[WhiteTeam "SK Turm Euskirchen 65"]
[BlackTeam "TSV Hessenstein"]

1. e3 d5 2. d4 Nf6 3. f4 Bf5 4. Nf3 h6 5. Be2 e6 6. c3 Be7 7. O-O Nbd7 8. Ne5
O-O 9. Nd2 c5 10. g4 Be4 11. Bf3 Bxf3 12. Qxf3 Nh7 13. b3 Rc8 14. Nxd7 Qxd7 15.
Ba3 b5 16. Rac1 b4 17. Bb2 bxc3 18. Bxc3 Bf6 19. dxc5 Bxc3 20. Rxc3 d4 21. Rd3
Rxc5 22. Rxd4 Qb5 23. Nc4 Nf6 24. Rfd1 Rd5 25. Kg2 Qa6 26. R1d2 Rfd8 27. h4
Rxd4 28. exd4 Nd5 29. g5 h5 30. f5 exf5 31. Kf2 g6 32. a3 Qc8 33. Ne5 Qc1 34.
Nc4 a5 35. Rd1 Qc2+ 36. Rd2 Qe4 37. Kg3 Qe1+ 38. Qf2 Qh1 39. Qh2 f4+ 0-1

[Event "Offene Hessische Senioren Einzelmeisters"]
[Site "Bad Sooden- Allendorf"]
[Date "2013.04.26"]
[Round "7.56"]
[White "Van Houten, Henk"]
[Black "Reimann, Günther"]
[Result "1/2-1/2"]
[WhiteElo "1609"]
[BlackElo "1771"]
[PlyCount "38"]
[EventDate "2013.??.??"]
[WhiteTeam "SC Gronau 1920 e.V."]
[BlackTeam "SC Magstadt"]

1. b3 e6 2. Bb2 f5 3. g3 Nf6 4. Bg2 Be7 5. d3 d6 6. e4 e5 7. exf5 c6 8. g4 Qb6
9. Nd2 O-O 10. Nc4 Qc7 11. h3 Nd5 12. Ne2 Nd7 13. O-O N7f6 14. Ne3 Nxe3 15.
fxe3 Qb6 16. Qd2 Nd5 17. Bxd5+ cxd5 18. d4 Bg5 19. Ng3 Bd7 1/2-1/2

[Event "Offene Hessische Senioren Einzelmeisters"]
[Site "Bad Sooden- Allendorf"]
[Date "2013.04.26"]
[Round "7.57"]
[White "Liszka, Günter"]
[Black "Vladov, Mark"]
[Result "0-1"]
[WhiteElo "1754"]
[BlackElo "1615"]
[Annotator ",Microsoft"]
[PlyCount "56"]
[EventDate "2013.??.??"]
[WhiteTeam "Sportfreunde Katernberg 1913 e.V"]
[BlackTeam "SF Ostsee Warnemünde"]

1. e4 d6 2. d4 g6 3. Be3 Bg7 4. Nc3 Nf6 5. f3 O-O 6. Qd2 c6 7. Bh6 Qa5 8. Bxg7
Kxg7 9. Nge2 Nbd7 10. Ng3 b5 11. Bd3 b4 12. Nce2 Qb6 13. c4 c5 14. Bc2 a5 15.
b3 Ba6 16. Qg5 Kh8 17. e5 dxe5 18. dxe5 Ng8 19. Qe3 Bb7 20. Nf4 Ra6 21. O-O f5
22. Nd3 Rc8 23. Rfe1 Nf8 24. Ne2 h6 25. Nef4 e6 26. Red1 Qc7 27. Rd2 g5 28. Ne2
Ne7 {rest nicht rekonstruierbar} 0-1

[Event "Offene Hessische Senioren Einzelmeisters"]
[Site "Bad Sooden- Allendorf"]
[Date "2013.04.26"]
[Round "7.58"]
[White "Rehder, Frank"]
[Black "Kienel, Norbert"]
[Result "0-1"]
[WhiteElo "1747"]
[BlackElo "1611"]
[PlyCount "64"]
[EventDate "2013.??.??"]
[WhiteTeam "SC Zugzwang 95 e.V."]
[BlackTeam "SV Osnabrück"]

1. d4 Nf6 2. Nf3 e6 3. b3 d5 4. Bb2 Bb4+ 5. c3 Bd6 6. e3 O-O 7. Bd3 Nbd7 8. O-O
e5 9. dxe5 Nxe5 10. Bc2 Nxf3+ 11. gxf3 Bh3 12. Re1 Ne4 13. f4 Qh4 14. Bxe4 dxe4
15. Nd2 Bg4 16. f3 Bxf3 17. Nxf3 Qg4+ 18. Kf2 exf3 19. Qxf3 Qf5 20. Rac1 Rad8
21. Kg1 Bc5 22. Re2 Rd3 23. Kh1 Rfd8 24. Rce1 Rd1 25. Kg2 Qb1 26. Qf2 Rxe1 27.
Rxe1 Qe4+ 28. Kg1 Rd3 29. Bc1 Rxc3 30. Bd2 Rc2 31. Rd1 h6 32. Qg3 Rxd2 0-1

[Event "Offene Hessische Senioren Einzelmeisters"]
[Site "Bad Sooden- Allendorf"]
[Date "2013.04.26"]
[Round "7.59"]
[White "Ranker, Klemens"]
[Black "Strozewski, Günter"]
[Result "0-1"]
[WhiteElo "1744"]
[BlackElo "1604"]
[PlyCount "68"]
[EventDate "2013.??.??"]
[WhiteTeam "SC Hauptstuhl"]
[BlackTeam "SV Erkenschwick 1923 e"]

1. e4 e5 2. Nf3 d5 3. exd5 e4 4. Nd4 Qxd5 5. Nb3 Nf6 6. Nc3 Qd8 7. h3 Bb4 8.
Qe2 O-O 9. a3 Bxc3 10. dxc3 h6 11. Be3 b6 12. Rd1 Qe7 13. Qd2 Nc6 14. Nd4 Bd7
15. Bc4 Na5 16. Ba2 c5 17. Ne2 Rad8 18. Qc1 Bb5 19. Rxd8 Rxd8 20. b3 Bxe2 21.
Kxe2 Qe5 22. c4 Nc6 23. Rd1 Nd4+ 24. Bxd4 cxd4 25. Bb1 d3+ 26. cxd3 exd3+ 27.
Kf1 Qe2+ 28. Kg1 Ne4 29. Kh2 Qxf2 30. Rf1 Qg3+ 31. Kg1 Ng5 32. Kh1 Re8 33. Qd1
Re2 34. Rg1 Ne4 0-1

[Event "Offene Hessische Senioren Einzelmeisters"]
[Site "Bad Sooden- Allendorf"]
[Date "2013.04.26"]
[Round "7.60"]
[White "Merettig, Georg"]
[Black "Viererbe, Hartmut"]
[Result "1-0"]
[WhiteElo "1727"]
[BlackElo "1607"]
[PlyCount "61"]
[EventDate "2013.??.??"]
[WhiteTeam "SV Caissa Wolfenbüttel"]
[BlackTeam "SC 51 Nordhausen"]

1. Nc3 d5 2. e4 dxe4 3. Nxe4 Nf6 4. Ng3 c5 5. f4 Nc6 6. Nf3 a6 7. c3 Bg4 8. Be2
Qb6 9. h3 Bxf3 10. Bxf3 Rd8 11. O-O e6 12. Re1 Be7 13. f5 Qc7 14. Ne4 Nxe4 15.
Bxe4 e5 16. Qg4 Bf6 17. d4 cxd4 18. Bxc6+ bxc6 19. cxd4 h5 20. Qe4 O-O 21. dxe5
Rfe8 22. Bf4 Qb6+ 23. Kh1 Qxb2 24. e6 fxe6 25. fxe6 Rd4 26. Qxc6 Re7 27. Bd6
Rxd6 28. Qxd6 Qb5 29. Rab1 Qa5 30. Qd3 Qxa2 31. Rb8+ 1-0

[Event "Offene Hessische Senioren Einzelmeisters"]
[Site "Bad Sooden- Allendorf"]
[Date "2013.04.26"]
[Round "7.61"]
[White "Kirchberg, Hans-Georg"]
[Black "Burckhardt, Karl"]
[Result "1/2-1/2"]
[WhiteElo "1597"]
[BlackElo "1725"]
[PlyCount "42"]
[EventDate "2013.??.??"]
[WhiteTeam "SK Dingelstädt 1921"]
[BlackTeam "SC Fulda"]

1. d4 e5 2. dxe5 Nc6 3. Nf3 Qe7 4. Nc3 Nxe5 5. e3 Nf6 6. Be2 d6 7. e4 c6 8. Bg5
Qc7 9. Nxe5 dxe5 10. Bxf6 gxf6 11. Qd2 Bd7 12. O-O-O O-O-O 13. Qe3 Kb8 14. Bc4
h5 15. Kb1 Be6 16. Bxe6 fxe6 17. Rxd8+ Qxd8 18. Rd1 Qe8 19. Rd3 b6 20. Qd2 Kc7
21. a3 Rh7 1/2-1/2

[Event "Offene Hessische Senioren Einzelmeisters"]
[Site "Bad Sooden- Allendorf"]
[Date "2013.04.26"]
[Round "7.62"]
[White "Hentzschel, Erhard"]
[Black "Tomas, Johann"]
[Result "1-0"]
[WhiteElo "1723"]
[BlackElo "1590"]
[PlyCount "69"]
[EventDate "2013.??.??"]
[WhiteTeam "Peiner SV"]
[BlackTeam "SK Bad Sooden-Allendorf"]

1. e4 e5 2. f4 exf4 3. Nf3 d6 4. Bc4 Bg4 5. O-O Nd7 6. d4 c6 7. Bxf4 Be7 8. Nc3
Ngf6 9. e5 dxe5 10. dxe5 Nh5 11. Bxf7+ Kxf7 12. Ng5+ Kg8 13. Qxg4 Nxf4 14. Rxf4
Qb6+ 15. Kh1 Nf8 16. Rxf8+ Kxf8 17. Ne6+ Ke8 18. Nxg7+ Kd8 19. Rd1+ Kc7 20.
Qd7+ Kb8 21. Qxe7 a6 22. Ne6 Ka7 23. Na4 Qa5 24. Qc5+ Qxc5 25. Nexc5 Rhe8 26.
Rd7 Rab8 27. e6 h5 28. g3 a5 29. Kg2 Red8 30. Ne4 Ka6 31. Nac5+ Kb6 32. e7 Rh8
33. Ne6 a4 34. Rd8 Ka7 35. Nf6 1-0

[Event "Offene Hessische Senioren Einzelmeisters"]
[Site "Bad Sooden- Allendorf"]
[Date "2013.04.26"]
[Round "7.63"]
[White "Mertens, Gottfried"]
[Black "Samarian, Cornel"]
[Result "1-0"]
[WhiteElo "1721"]
[BlackElo "1574"]
[PlyCount "146"]
[EventDate "2013.??.??"]
[WhiteTeam "SK Weinheim 1911 e.V."]
[BlackTeam "SC Pegasus Lohkirchen"]

1. f4 d5 2. Nf3 Nf6 3. e3 g6 4. Be2 Bg7 5. O-O O-O 6. d4 Bg4 7. Nbd2 Nbd7 8.
Qe1 Ne4 9. Bd3 Bxf3 10. Nxf3 f5 11. b3 Rf6 12. Bb2 c6 13. c4 e6 14. Ba3 Bf8 15.
Bxf8 Qxf8 16. Qh4 Qg7 17. Kh1 Kh8 18. Rfc1 Rff8 19. Rc2 Ndf6 20. Ne5 Nd7 21.
Nxd7 Qxd7 22. Bxe4 dxe4 23. Rd1 Rad8 24. Rcd2 Qf7 25. Qe1 Rd7 26. c5 a6 27. Qe2
h5 28. h4 Kg7 29. g3 Rh8 30. Kg2 Kf8 31. b4 Ke7 32. a4 Rc8 33. Rb2 Kf8 34. Rdb1
Kg7 35. b5 cxb5 36. axb5 axb5 37. Rxb5 Re8 38. Qb2 Ree7 39. d5+ Qf6 40. c6
Qxb2+ 41. R1xb2 bxc6 42. dxc6 Rc7 43. Rb7 Kf6 44. R7b6 Rc8 45. Kf2 Rec7 46. Rc2
Ke7 47. Ra6 Kd6 48. Rd2+ Kc5 49. Rc2+ Kb5 50. Ra1 Kb4 51. Rb1+ Ka3 52. Rb6 Ra8
53. Ke2 Ra4 54. Rb7 Rxb7 55. cxb7 Rb4 56. Rc7 Ka4 57. Kd2 Ka5 58. Kc3 Rb6 59.
Kd4 Ka6 60. Ke5 Ka7 61. Re7 Rb3 62. Rxe6 Rxe3 63. Rxg6 Rf3 64. Kxf5 e3 65. g4
hxg4 66. Kxg4 e2 67. Re6 Rb3 68. Rxe2 Rxb7 69. f5 Rg7+ 70. Kf4 Rg1 71. Ke5 Kb6
72. Rf2 Kc5 73. Rc2+ Kb6 1-0

[Event "Offene Hessische Senioren Einzelmeisters"]
[Site "Bad Sooden- Allendorf"]
[Date "2013.04.26"]
[Round "7.64"]
[White "Meinke, Dietlind"]
[Black "Brueckner, Ewald"]
[Result "1-0"]
[WhiteElo "1711"]
[BlackElo "1526"]
[PlyCount "99"]
[EventDate "2013.??.??"]
[WhiteTeam "MTV Leck von 1889"]
[BlackTeam "1.Hainstädter SC 1950"]

1. e4 b6 2. d4 Bb7 3. Bd3 e6 4. Nf3 Be7 5. O-O d6 6. c4 Nd7 7. Nc3 e5 8. Nd5
Ngf6 9. Qc2 c6 10. Ne3 exd4 11. Nxd4 Ne5 12. f3 Nxd3 13. Qxd3 Nd7 14. Ndf5 Ne5
15. Qd2 O-O 16. b3 Qc7 17. Nxe7+ Qxe7 18. Nf5 Qe6 19. Ba3 c5 20. Rad1 Rad8 21.
Qg5 Ng6 22. Bb2 f6 23. Qg4 Bc8 24. Qg3 Rf7 25. Rxd6 Rxd6 26. Nxd6 Rf8 27. Nxc8
Qxc8 28. Rd1 Rd8 29. Rd5 Rxd5 30. cxd5 Qa6 31. Qf2 Qxa2 32. Qc2 Ne5 33. f4 Nd3
34. Qxd3 Qxb2 35. g3 Kf7 36. d6 Qd4+ 37. Qxd4 cxd4 38. Kf2 Ke8 39. Ke2 Kd7 40.
e5 f5 41. Kd3 Ke6 42. Kxd4 a6 43. h3 g6 44. h4 h6 45. Kc4 h5 46. Kd4 Kd7 47.
Kd5 b5 48. e6+ Kd8 49. Kc6 b4 50. e7+ 1-0

[Event "Offene Hessische Senioren Einzelmeisters"]
[Site "Bad Sooden- Allendorf"]
[Date "2013.04.26"]
[Round "7.65"]
[White "Hampe, Werner"]
[Black "Piastowski, Kurt"]
[Result "1/2-1/2"]
[WhiteElo "1587"]
[BlackElo "1709"]
[PlyCount "43"]
[EventDate "2013.??.??"]
[WhiteTeam "SK Lister Turm"]
[BlackTeam "SC Turm Lüneburg e.V."]

1. c4 c5 2. g3 g6 3. Bg2 Bg7 4. Nc3 Nc6 5. e4 d6 6. d3 e6 7. Nge2 Nge7 8. a3
O-O 9. O-O b6 10. Rb1 Bb7 11. f4 f5 12. Bd2 Nd4 13. b4 Qd7 14. b5 e5 15. a4 a5
16. Nxd4 exd4 17. Nd5 Nxd5 18. exd5 Rae8 19. Re1 Re7 20. Rxe7 Qxe7 21. Qf1 Rf7
22. Re1 1/2-1/2